=LDR 00000nam 2200000 4500 =001 INLIS000000000049913 =005 20170411095828.0 =006 =007 =008 =020 ##$$a 978 - 602 - 17922 - 0 - 9 =035 ##$$0010-041700000000103 =040 ##$$a NBPDMAT =082 ##$$a 920 =090 ##$$a 920 Wid s =100 ##$$a Widiyanto =245 ##$$a Setengah Layar : $b Sisi Lain H. M. Ali Bin Dachlan / $c Widiyanto ; editor, Riyanto Rabbah =260 ##$$a Selong : $b Terakota Institute, $c 2014 =650 ##$$a Ali Bin Dachlan , H. M. - 1948 - =700 ##$$a Riyanto Rabbah =990 ##$$a 21604465 =990 ##$$a 21602982/BPAP-NTB/2017 =990 ##$$a 21602983/BPAP-NTB/2017 =990 ##$$a 21602984/BPAP-NTB/2017 =990 ##$$a 21602985/BPAP-NTB/2017 =990 ##$$a 21604466 =990 ##$$a 21602982/BPAP-NTB/2017 =990 ##$$a 21602983/BPAP-NTB/2017 =990 ##$$a 21602984/BPAP-NTB/2017 =990 ##$$a 21604465 =990 ##$$a 21604467 =990 ##$$a 21602982/BPAP-NTB/2017 =990 ##$$a 21602983/BPAP-NTB/2017 =990 ##$$a 21604466 =990 ##$$a 21604465 =990 ##$$a 21604468 =990 ##$$a 21602982/BPAP-NTB/2017 =990 ##$$a 21604467 =990 ##$$a 21604466 =990 ##$$a 21604465 =990 ##$$a 21604469 =990 ##$$a 21604468 =990 ##$$a 21604467 =990 ##$$a 21604466 =990 ##$$a 21604465 =990 ##$$a 251/46/2017 =990 ##$$a 21604469 =990 ##$$a 21604468 =990 ##$$a 21604467 =990 ##$$a 21604466 =990 ##$$a 251/46/2017 =990 ##$$a 21604469 =990 ##$$a 21604468 =990 ##$$a 21604467 =990 ##$$a 251/46/2017 =990 ##$$a 251/46/2017 =990 ##$$a 21604469 =990 ##$$a 21604468 =990 ##$$a 251/46/2017 =990 ##$$a 251/46/2017 =990 ##$$a 251/46/2017 =990 ##$$a 21604469 =990 ##$$a 251/46/2017 =990 ##$$a 251/46/2017 =990 ##$$a 251/46/2017